| 000 | 01233nam2a22002531 4500 | ||
|---|---|---|---|
| 001 | v19\rc\1228588 | ||
| 005 | 20260406164045.0 | ||
| 035 | _a(NLR Aleph) 004389492 | ||
| 090 |
_a3733480 _c3733480 |
||
| 100 | _a20060306f18801889|||y0rusy50 ca | ||
| 101 | 0 | _arus | |
| 102 | _aRU | ||
| 105 | _aa z ||||| | ||
| 200 | 1 | _aПроект часовни в память... императора Александра II... для города Пензы | |
| 215 | _a1 отд. л. черт. | ||
| 461 | 0 |
_1001v19\rc\1228587 _12001#$a[Проекты$e1-]$fСост. инж.-архит. Колодко$v[1]$90 _1700#1$aКолодко$bГ.И.$4220 _93733469 _aКолодко, Г.И. _cПенза _d[188-?]- _fСост. инж.-архит. Колодко _nлитогр. Пензенск. губ. правл. _o1-] _t[Проекты _v[1]$90 |
|
| 532 | 1 | 3 | _aПроект часовни в память императора Александра II для города Пензы |
| 702 | 0 |
_4280 _7ca _8rus _aАлександр _cимператор российский _dII _f1818-1881 _9120289 _3RU\NLR\AUTH\7710521 |
|
| 801 | 0 |
_aRU _bNLR _gpsbo |
|
| 801 | 1 |
_aRU _bProSoft-M _2rusmarc |
|
| 852 |
_aNLR _j18.207.1.112 |
||
| 942 | _cBOOK | ||
| 980 | _aNB | ||